| 000 | 00476nam a2200181Ia 4500 | ||
|---|---|---|---|
| 008 | 170705s9999 xx 000 0 und d | ||
| 020 | _a9781409518518 | ||
| 245 | 2 | _aA christmas carol / | |
| 245 | _cstory by Charles Dickens ; illustrated by Alan Marks. | ||
| 260 | _aLondon : | ||
| 260 | _bUsborne Publishing Ltd., | ||
| 260 | _c2003 | ||
| 300 | _a64 pages : | ||
| 300 | _bchiefly colored ; | ||
| 300 | _c20cm. | ||
| 440 | _aUsborne young reading. | ||
| 500 | _a1080 | ||
| 999 |
_c337346 _d337346 |
||